| 000 | 00501nam a2200181Ia 4500 | ||
|---|---|---|---|
| 001 | 24108 | ||
| 005 | 20260414151021.0 | ||
| 008 | 260414t1965||||xx |||||||||||||| ||spa|| | ||
| 041 | _aESP | ||
| 082 |
_a780.904 _bR738 |
||
| 100 |
_aReti, Rudolph _eAUT |
||
| 245 | 0 |
_aTonalidad, atonalidad, pantonalidad : _bestudio de algunas tendencias manifestadas en la musica del siglo XX |
|
| 260 | _c1965 | ||
| 300 |
_a232 páginas : _c20 cm. |
||
| 650 | _aABD | ||
| 654 | _aCAU | ||
| 942 |
_cLIB _dJUS _fJUS _2ddc _n |
||
| 999 |
_c24108 _d24108 |
||